| 000 | 01154cam a2200205 4500 | ||
|---|---|---|---|
| 001 | ABS67930 | ||
| 008 | 040622n2004 000 0 eng u | ||
| 035 | _a(Sirsi) u126564 | ||
| 100 | _aSpring, M. | ||
| 245 | _aSomething to chew on | ||
| 260 | _c2004 | ||
| 490 |
_aBuilding _v269(8335) 4 June 2004, 48-49(2) |
||
| 520 | _aDiscusses CABE's review of urban housing. This concentrates on 20 large high-density urban housing projects. "Design reviewed urban housing : lessons learned from projects reviewed by CABE's expert design panel" (J126679) argues that high density housing is difficult to get exactly right as it requires very careful site specific design where standardised solutions are often not appropriate. The CABE report is not intended as a design guide but as a discussion of the ingredients involved in good design. This includes the use of courtyard or part courtyard forms which are becoming commonplace in residential projects. With a list of good and bad practice in design. | ||
| 590 | _aABS | ||
| 590 | _aABS | ||
| 650 | _aURBAN HOUSING | ||
| 650 | _aHIGH DENSITY HOUSING | ||
| 690 | _aHOUSING-DEVELOPMENT | ||
| 942 | _n0 | ||
| 999 |
_c117575 _d117575 |
||